000
00323nam a2200133Ia 4500
008
240624s9999 xx 000 0 und d
041
_a
eng
082
_a
823 CLA
100
_a
CLASON GEORGE S
245
_a
RICHEST MAN IN BABYLON
260
_c
1955
_a
New York
_b
A Signet Book
300
_a
x, 144 p.; 17 cm.
365
_c
RS
999
_c
31752
_d
31752